ბათუმის შოთა რუსთაველის სახელმწიფო უნივერსიტეტის ბიბლიოთეკა

კლინიკური უნარების სწავლება მედიცინაში : (ბიბ.ჩანაწერი № 62219)

000 -ლიდერი
ფიქსირებული სიგრძის საკონტროლო ველი 01748nam a22002777a 4500
003 - საკონტროლო ნომრის იდენტიფიკატორი
საკონტროლო ველი Ge_BSU
005 - ბოლო ოპერაციის თარიღი და დრო
საკონტროლო ველი 20240802191525.0
008 - ფიქსირებული სიგრძის მონაცემთა ელემენტები - ზოგადი ინფორმაცია
ფიქსირებული სიგრძის საკონტროლო ველი 240802s2024 ge ||||| |||| 00| 0 geo d
020 ## - წიგნის საერთაშორისო სტანდარტული ნომერი
International Standard Book Number 9789941337956
041 ## - ენის კოდი
Language code of text/sound track or separate title geo
080 ## - უნივერსალური ათობითი კლასიფიკაციის ინდექსი
Universal Decimal Classification number 613.4 კ-60
245 ## - ცნობა სათაურის შესახებ
Title კლინიკური უნარების სწავლება მედიცინაში :
Remainder of title [მონოგრაფია] /
Statement of responsibility, etc თინათინ გოგნაძე, ლარისა მელია, ლაშა დოლიძე, დავით მალიძე [და სხვა] ; სამეცნიერო რედაქტორი ნათია ჯოჯუა ;
264 ## - წარმოების, გამოცემის, დისტრიბუციის და სხვა ცნობები
გამოცემის, წარმოების, დისტრიბუციის... ადგილი თბილისი :
გამოცემის, წარმოების, დისტრიბუციის... სახელწოდება უნივერსალი,
გამოცემის, წარმოების, დისტრიბუციის... თარიღი 2024.
300 ## - ფიზიკური აღწერა
Extent 374 გვ. :
Other physical details სურ. ;
Dimensions 24 სმ.
500 ## - ზოგადი შენიშვნა
General note გარეკანზე მხოლოდ სამი ავტორია მითითებული.
504 ## - BIBLIOGRAPHY, ETC. NOTE
Bibliography, etc ბიბლიოგრაფია: გვ. 369-373.
653 ## - INDEX TERM--UNCONTROLLED
Uncontrolled term სამედიცინო ჰიგიენა.
653 ## - INDEX TERM--UNCONTROLLED
Uncontrolled term სამედიცინო უნარები.
700 ## - ADDED ENTRY--PERSONAL NAME
Personal name გოგნაძე, თინათინ
9 (RLIN) 23061
700 ## - ADDED ENTRY--PERSONAL NAME
Personal name მელია, ლარისა
9 (RLIN) 11235
700 ## - ADDED ENTRY--PERSONAL NAME
Personal name დოლიძე, ლაშა
9 (RLIN) 23062
700 ## - ADDED ENTRY--PERSONAL NAME
Personal name მალიძე, დავით
Relator term [და სხვა]
9 (RLIN) 23063
710 ## - ADDED ENTRY--CORPORATE NAME
Corporate name or jurisdiction name as entry element მონოგრაფია გამოიცა შოთა რუსთაველის საქართველოს ეროვნული სამეცნიერო ფონდის მხარდაჭერით
9 (RLIN) 23064
773 ## - HOST ITEM ENTRY
Title ნაჩუქარი
942 ## - ADDED ENTRY ELEMENTS (KOHA)
Source of classification or shelving scheme
Koha item type წიგნი
ეგზემპლარები
ჩამოწერის სტატუსი დაკარგული ეგზემპლარის სტატუსი კლასიფიკაციის წყარო ან თაროზე გაწყობის სქემა დაზიანების სტატუსი არ გაიცემა მუდმივი მდებარეობა (დაცვის ადგილი) ამჟამინდელი ადგილსამყოფელი თაროზე განთავსების ადგილი შეძენის თარიღი ღირებულება, შესყიდვის ნორმალური ფასი სრული შენახვის შიფრი შტრიხკოდი ბოლო ოპერაციის თარიღი ეგზემპლარის მიმდევრობითი ნომერი (კეტერი?) ფასის ძალაში შესვლის თარიღი ეგზემპლარის სახეობა საჯარო შენიშვნა
          ბათუმის შოთა რუსთაველის სახელმწიფო უნივერსიტეტის მთავარი ბიბლიოთეკა ბათუმის შოთა რუსთაველის სახელმწიფო უნივერსიტეტის მთავარი ბიბლიოთეკა წიგნსაცავი 2024-08-02 10.00 613.4 კ-60 66111 2024-08-02 66111 2024-08-02 წიგნი 10.00